Islam and Resistance in Afghanistan (Record no. 9646)

MARC details
000 -LEADER
fixed length control field 00608nam a2200241 a 4500
020 ## - INTERNATIONAL STANDARD BOOK NUMBER
ISBN 0521397006
082 00 - DEWEY DECIMAL CLASSIFICATION NUMBER
Classification number 322.109581
Author Cutter ROY1
100 ## - MAIN ENTRY--AUTHOR NAME
Author name Roy, Oliver
245 ## - TITLE STATEMENT
Title Islam and Resistance in Afghanistan
260 ## - PUBLICATION, DISTRIBUTION, ETC. (IMPRINT)
Place of publication Cambridge
Name of publisher Cambridge University Press
Year of publication 1990
300 ## - PHYSICAL DESCRIPTION
Number of Pages 270p
500 ## - GENERAL NOTE
General note includes index and biblioraphy
505 2# - FORMATTED CONTENTS NOTE
Formatted contents note index
650 ## - SUBJECT ADDED ENTRY--TOPICAL TERM
Topical Term Islam and Politics
942 ## - ADDED ENTRY ELEMENTS (KOHA)
Koha item type Books
700 1# -
-- Roy, Oliver
Holdings
Collection code Home library Current library Date acquired Cost, normal purchase price Full call number Accession Number Koha item type
  Henry Martyn Institute Library Henry Martyn Institute Library 09/06/2007 100.00 322.109581 ROY1 015354 Books
                   Copyright © 2026 | Henry Martyn Institute | Hyderabad | TS-500052 | INDIA | Implemented by hmi.edu.in
Hit-Count:

Powered by Koha